| 000 | 00541 a2200181 4500 | ||
|---|---|---|---|
| 003 | OSt | ||
| 005 | 20230822113613.0 | ||
| 008 | 230822b |||||||| |||| 00| 0 eng d | ||
| 020 | _a9789354600395 | ||
| 040 | _coclc | ||
| 082 |
_a658.1511 _bKHA/M |
||
| 100 |
_aKhan, M Y _91004 |
||
| 245 |
_aMANAGEMENT ACCOUNTING _btext, problems and cases / _cM Y Khan, P K Jain |
||
| 250 | _a 8ED | ||
| 260 |
_aChennai: _bMcgraw hill, _c2022. |
||
| 300 | _amultipagination | ||
| 942 |
_2ddc _cBK _h658.1511 _iKHA/M _k658.1511 _mKHA/M |
||
| 999 |
_c41940 _d41940 |
||